000 00515nam a22001575i 4500
001 48047
003 ES-MaACL
007 t|
008 981127s1888 sp ||||1| spa d
040 _aCAM
_bspa
_cCCPB
100 1 _aRuiz Cuadrado, Juan A.
_9100715
245 1 3 _aLa verdad práctica a los pueblos
_b: propaganda federal con las constituciones nacional regional y municipal /
_cJ. A. Ruiz Cuadrado.
260 _aMadrid :
_bEl Crédito Público,
_c1888.
300 _a215 p ;
_c16 cm.
852 _aES-MaACL
_jG-496
999 _c48047
_d48047